Spatial development planning <a> dynamic convex programming approach

Salvato in:
Dettagli Bibliografici
Autore principale: Fujita, Masahisa
Natura: Libro
Lingua:inglese
Pubblicazione: Amsterdam North-Holland Pub. Co. 1978
Serie:Studies in regional science and urban economics vol. 2
Tags: Aggiungi Tag
Nessun Tag, puoi essere il primo ad aggiungerne!!

MARC

LEADER 00000nam a2200000 4500
001 c140549
005 20041019155319.2
041 0 |a eng 
044 |a NL 
245 1 0 |a Spatial development planning  |b <a> dynamic convex programming approach  |c Masahisa Fujita 
264 1 |a Amsterdam  |b North-Holland Pub. Co.  |c 1978 
300 |a 335 s. 
490 1 |a Studies in regional science and urban economics  |v vol. 2 
830 0 |a Studies in regional science and urban economics  |v vol. 2 
100 1 |a Fujita, Masahisa